Recommendations for the production of penaeus-postlarvae

Đã lưu trong:
书目详细资料
格式: 图书
语言:Undetermined
出版: Egypt Suez Canal University 1992
主题:
标签: 添加标签
没有标签, 成为第一个标记此记录!
Thư viện lưu trữ: Trung tâm Học liệu Trường Đại học Cần Thơ
LEADER 00499nam a2200169Ia 4500
001 CTU_150681
008 210402s9999 xx 000 0 und d
082 |a 639.63 
082 |b R311/P.2 
245 0 |a Recommendations for the production of penaeus-postlarvae 
260 |a Egypt 
260 |b Suez Canal University 
260 |c 1992 
650 |a Fisheries,Nghề cá 
650 |x Research,Nghiên cứu 
904 |i Trọng Hải 
980 |a Trung tâm Học liệu Trường Đại học Cần Thơ